| 000 | 01599cam a22002054a 4500 | ||
|---|---|---|---|
| 005 | 20250605164237.0 | ||
| 008 | 250528s ||||||||||||||||||||||||d | ||
| 035 | _a21209 | ||
| 020 | _a9780073515106 | ||
| 040 |
_aGR-AtMCL _bgre _dGR-AtMCL _eAACR2 |
||
| 245 | 1 | _aTaking Sides / Clashing Views on Psychological Issues | |
| 250 | _a15th | ||
| 260 |
_bMc Graw Hill Higher Education, _c2008 |
||
| 300 | _a404 | ||
| 520 | _aA debate-style reader designed to introduce students to controversies on psychological issues. Research Issues, Should Animal Research in Psychology Be Eliminated, Are Traditional Empirical Methods Sufficient to Provide Evidence for Psychological Practice, Classic Dialogue: Was Stanley Milgram's Study of Obedience Unethical, Biological Issues, Are Humans Naturally Violent, Do Women and Men Communicate Differently, Do Brain Deficiencies Determine Learning Disabilities, Human Development, Does the Environment Influence Human Development More Than Genes, Does the Divorce of Parents Harm Their Children, Does Research Show that Homosexual Parenting Has No Negative Effects, Cognitive Processes, Are Human Activities Determined, Is the Theory of Multiple Intelligences Wild, Mental Health, Does ADHD Exist, Does Taking Antidepressants Lead to Suicide, Does Low Self-Esteem Lead to Antisocial Behavior, Psychological Treatment, Should Psychologists Be Able to Prescribe Drugs, Is Treating Homosexuality Ethical, Social Psychology, Do Video Games Lead to Violence, Can Sex Be Addictive. | ||
| 700 | 1 |
_aSlife Brent _97232 |
|
| 942 | _cBK | ||
| 999 |
_c6276 _d6276 |
||